Civil Prakriya Sanhita=Code of Criminal Procedure (Record no. 1715278)

MARC details
000 -LEADER
fixed length control field 00977nam a22003017a 4500
005 - DATE AND TIME OF LATEST TRANSACTION
control field 20260312162456.0
008 - FIXED-LENGTH DATA ELEMENTS--GENERAL INFORMATION
fixed length control field 260312b |||||||| |||| 00| 0 eng d
020 ## - INTERNATIONAL STANDARD BOOK NUMBER
International Standard Book Number 9789390735877
037 ## - SOURCE OF ACQUISITION
Terms of availability TB
040 ## - CATALOGING SOURCE
Original cataloging agency LCT
Transcribing agency LCT
041 ## - LANGUAGE CODE
Language code of text/sound track or separate title hin
Language code of original hin
084 ## - COLON CLASSIFICATION NUMBER
Classification number Z2,75,11 N3;R2
100 ## - MAIN ENTRY--PERSONAL NAME
Personal name Pande, V N
9 (RLIN) 1131896
245 ## - TITLE STATEMENT
Title Civil Prakriya Sanhita=Code of Criminal Procedure
Medium (Hindi)/
250 ## - EDITION STATEMENT
Edition statement 10th ed.
260 ## - PUBLICATION, DISTRIBUTION, ETC.
Place of publication, distribution, etc. Prayagraj (Allahabad), India:
Name of publisher, distributor, etc. Central Law Agency,
Date of publication, distribution, etc. 2022
300 ## - PHYSICAL DESCRIPTION
Extent lx, 612p.
365 ## - TRADE PRICE
Price amount 530.00
Currency code INR
650 ## - SUBJECT ADDED ENTRY--TOPICAL TERM
Topical term or geographic name entry element Indian Penal Code
9 (RLIN) 754948
650 ## - SUBJECT ADDED ENTRY--TOPICAL TERM
Topical term or geographic name entry element Law
650 ## - SUBJECT ADDED ENTRY--TOPICAL TERM
Topical term or geographic name entry element Criminal Procedure Code
9 (RLIN) 784471
650 ## - SUBJECT ADDED ENTRY--TOPICAL TERM
Topical term or geographic name entry element Indian Evidence Act
9 (RLIN) 784472
650 ## - SUBJECT ADDED ENTRY--TOPICAL TERM
Topical term or geographic name entry element Criminal law
9 (RLIN) 784473
650 ## - SUBJECT ADDED ENTRY--TOPICAL TERM
Topical term or geographic name entry element Criminal law India
9 (RLIN) 735012
650 ## - SUBJECT ADDED ENTRY--TOPICAL TERM
Topical term or geographic name entry element Law Commentaires
9 (RLIN) 754949
700 ## - ADDED ENTRY--PERSONAL NAME
Personal name Babel, Ashwani Kumar
9 (RLIN) 1131897
942 ## - ADDED ENTRY ELEMENTS (KOHA)
Source of classification or shelving scheme Colon Classification (CC)
Koha item type Textbook
Classification part Z,75,15 Q3
Suppress in OPAC No
Holdings
Withdrawn status Lost status Source of classification or shelving scheme Damaged status Not for loan Collection Home library Current library Shelving location Date acquired Source of acquisition Cost, normal purchase price Inventory number Total Checkouts Full call number Barcode Date last seen Price effective from Koha item type
    Colon Classification (CC)   Not For Loan Reference Law Centre-II Library Law Centre-II Library General Stacks 2025-12-09 Hindi Book Centre 530.00 HBC/HB4671/09.12.2025   Z2,75,11 N3;R2 LT0029370 2026-03-12 2026-03-12 Reference
    Colon Classification (CC)     Non-fiction Law Centre-II Library Law Centre-II Library General Stacks 2025-12-09 Hindi Book Centre 530.00 HBC/HB4671/09.12.2025   Z2,75,11 N3;R2;1 LT0029371 2026-03-12 2026-03-12 Textbook
Copyright @ Delhi University Library System